|
|
|
|
| LEADER |
00000nam0a2200000 4500 |
| 001 |
271906 |
| 005 |
20231101234500.0 |
| 035 |
|
|
|a (RuTPU)RU\TPU\book\295110
|
| 090 |
|
|
|a 271906
|
| 100 |
|
|
|a 20141014d1987 k y0rusy50 ca
|
| 101 |
0 |
|
|a rus
|
| 102 |
|
|
|a UZ
|
| 105 |
|
|
|a a z 001zy
|
| 200 |
1 |
|
|a Режимы работы частотно-регулируемых асинхронных элетроприводов
|f А. А. Хашимов
|g Ташкентский политехнический институт им. А. Б. Беруни (ТашПИ)
|
| 210 |
|
|
|a Ташкент
|c Фан
|d 1987
|
| 215 |
|
|
|a 176 с.
|c ил.
|
| 320 |
|
|
|a Библиогр.: с. 157-174
|
| 606 |
1 |
|
|a Электроприводы асинхронные, регулируемые
|2 stltpush
|3 (RuTPU)RU\TPU\subj\20711
|9 45796
|
| 610 |
1 |
|
|a статистические режимы
|
| 610 |
1 |
|
|a динамические режимы
|
| 610 |
1 |
|
|a тепловые режимы
|
| 610 |
1 |
|
|a нагрев
|
| 610 |
1 |
|
|a математические модели
|
| 610 |
1 |
|
|a установившиеся режимы
|
| 675 |
|
|
|a 62-83-523
|v 3
|
| 700 |
|
1 |
|a Хашимов
|b А. А.
|g Арипджан Адылович
|
| 712 |
0 |
2 |
|a Ташкентский политехнический институт им. А. Б. Беруни (ТашПИ)
|2 stltpush
|3 (RuTPU)RU\TPU\col\6741
|
| 801 |
|
1 |
|a RU
|b 63413507
|c 20141014
|
| 801 |
|
2 |
|a RU
|b 63413507
|c 20161213
|g RCR
|
| 942 |
|
|
|c BK
|